Výstužná sklená niť, kompozit vyrobený zo sklených nití, spôsob výroby sklených nití a sklená kompozícia na výrobu sklených nití

Podrobná bibliografia
Korporatívny autor: Vetrotex France S.A. (Chambéry, Francúzsko) (Majiteľ patentu)
Ďalší autori: Gallo, Marcelo Hernan (Pôvodca), Genechten, Jan van (Pôvodca), Bazin, Jean-Paul (Pôvodca), Creux, Sophie (Pôvodca), Fournier, Pascal (Pôvodca)
Médium: Kniha
Jazyk:slovenčina
Fyzický popis:6 s. 30 cm
Vydavateľské údaje: [Bratislava] Úrad priemyselného vlastníctva Slovenskej republiky [2005]
Predmet:

MARC

LEADER 00000nam a2200000 a 4500
001 vtls001521038
003 SK-MaSNL
005 20260302073920.0
008 251120s2005 xo j f000 0 slo
013 |a 284333  |b SK  |c patent  |d 20050204  |e dátum nadobudnutia účinkov patentu (Vestník ÚPV SR č.: 2/2005 )  |d 20041227  |e dátum sprístupnenia patentu 
013 |a 627-99  |e číslo prihlášky  |d 19980910  |e dátum podania prihlášky  |d 20000612  |e dátum zverejnenia prihlášky (Vestník ÚPV SR č.: 06/2000) 
013 |a 97/11251  |e číslo prioritnej prihlášky  |d 19970910  |e dátum podania prioritnej prihlášky  |b FR  |e kód krajiny prioritnej prihlášky 
013 |a PCT/FR98/01932  |e číslo podania medzinárodnej prihlášky podľa PCT 
013 |a WO99/12858  |e číslo zverejnenia medzinárodnej prihlášky podľa PCT 
015 |a SNBN2013 
040 |a SNK  |b slo  |c SNK  |e AACR2 
041 0 |a slo 
044 |a xk  |c SK 
072 7 |a 677  |x Textilný priemysel  |2 konspekt 
080 |a 677.521  |2 2001 
080 |a 677.1/.5-037.52  |2 2001 
084 |a C03C 13/00  |2 IPC 
084 |a C03C 1/00  |2 IPC 
245 0 0 |a Výstužná sklená niť, kompozit vyrobený zo sklených nití, spôsob výroby sklených nití a sklená kompozícia na výrobu sklených nití  |c Marcelo Hernan Gallo ... [et al.] ; patent. zást. Zuzana Hörmannová 
260 |a [Bratislava]  |b Úrad priemyselného vlastníctva Slovenskej republiky  |c [2005] 
300 |a 6 s.  |c 30 cm 
650 0 7 |a textilná výroba  |2 SNKPH  |9 59108 
650 0 7 |a Textile production  |2 SNKPHeng  |9 355063 
650 0 7 |a sklené vlákna  |2 SNKPH  |9 29153 
650 0 7 |a Glass fibers  |2 SNKPHeng  |9 51350 
655 7 |a patenty  |2 SNKPH  |9 177343 
655 7 |a patent licenses  |2 SNKPHeng  |9 303430 
700 1 |a Gallo, Marcelo Hernan  |4 org  |9 738913 
700 1 |a Genechten, Jan van  |4 org  |9 738914 
700 1 |a Bazin, Jean-Paul  |4 org  |9 738915 
700 1 |a Creux, Sophie  |4 org  |9 738916 
700 1 |a Fournier, Pascal  |4 org  |9 738917 
700 1 |a Hörmannová, Zuzana  |4 oth  |9 303433 
710 2 |a Vetrotex France S.A. (Chambéry, Francúzsko)  |4 pth  |9 478440 
999 |c 1162846  |d 1164776 
952 |a SNK  |b SNK  |y PREZ  |7 0  |p 17A0461343  |o snkSK 284333  |i snk2005/4576  |8 0  |0 0  |1 0  |4 0  |d 2005-03-23  |l 0  |r 2026-02-24 20:39:00  |w 2026-02-24